000 01323nam a2200349 i 4500
003 DO-SdBPM
005 20251204093544.0
006 a||||gr|||| 00| 0
007 ta
008 230602t2022 dr ||||| |||| 00| j spa d
020 _a9789945510270
040 _aDO-SdBPM
_bspa
_cBPMSU
_erda
_d
082 4 _aRD863.08
_bD451e 2022
_222
245 0 0 _aDesembarco en la noche inmóvil :
_bselección de cuentos de talleristas puertoplateños /
_cpresentación, Andrés Ulloa, Nam Chevalier ; corrección Andrés Blanco Díaz
264 4 _aSanto Domingo :
_bEditora Nacional;
_bFerilibro
_c2022
300 _a181 páginas :
_c21 cm.
336 _2rdacontent
_atexto
_btxt
337 _asin medición
_bn
_2rdamedia
338 _avolumen
_bnc
_2rdacarrier
490 0 _aNarrativa
500 _aFestival del Libro y la Cultura Puerto Plata, 2022
590 _aInventariado 2025 / VM
650 7 _aCuentos dominicanos
_vColecciones
650 7 _aLiteratura dominicana
650 7 _aCiudades y pueblos
_zPuerto Plata (Republica Dominicana )
_vCuentos
700 1 _aUlloa, Andrés
_epresentación
700 1 _aBlanco Díaz, Andrés
_ecorrección
700 1 _aChevalier, Nam
_epresentación
710 1 _aRepública Dominicana.
_bMinisterio de Cultura
910 _aVMateo V. Control de calidad. BPMSU
942 _2ddc
_cBK
999 _c15559
_d15559